Statistics for Every Wyclef Jean Song on the Billboard Hot 100

Click here to take the quiz!

General Stats

  • This quiz has been taken 9 times
    (6 since last reset)
  • The average score is 2 of 10

Answer Stats

#YearSong% Correct
12006Hips Don't Lie (Shakira)
100%
382000911 ft. Mary J. Blige
33%
71998Gone Till November
33%
611998Cheated (To All The Girls) ft. Queen Pen & The Product
0%
852006Dangerous (Ying Yang)
0%
652003Party To Damascus ft. Missy Elliott
0%
122008Sweetest Girl (Dollar Bill) ft. Akon, Lil Wayne & Niia
0%
282002Two Wrongs ft. Claudette Ortiz
0%
451997We Trying To Stay Alive ft. Refugee Allstars
0%
342007You Know What It Is (T.I.)
0%

Score Distribution

Percentile by Number Answered

Percent of People with Each Score

Your Score History

You have not taken this quiz since the last reset